Enquête policière - Statistiques

Statistiques générales
  • Ce quiz a été pris 1 592 fois
  • Le résultat moyen est 10 sur 21
Statistiques - réponses
Groupe Indice Réonse % Correct
4 Qui suis-je? Tintin
93%
5 Qui suis-je? Batman
90%
1 Qui suis-je? Sherlock Holmes
88%
4 Quel nom porte mon compagnon canin? Milou
87%
4 Quel capitaine est mon meilleur ami? Capitaine {Haddock}
82%
2 Qui suis-je? Hercule Poirot
81%
5 Dans quelle ville vis-je? Gotham
71%
2 Dans quel célèbre train ai-je déjà résolu une affaire? Orient Express
65%
2 Quelle est ma nationalité? Belge
61%
5 Quelle est ma véritable identité? Bruce Wayne
59%
3 Quel est notre principal moyen de transport? La Mystery Machine
39%
1 Qui est mon grand frère? Mycroft Holmes
28%
3 Qui sommes-nous? Les Mystères Associés
27%
8 Arme du crime Dame
17%
1 "Quand vous avez éliminé l'__________,..." impossible
16%
3 Quelle est notre ville d'origine? Coolsville
15%
6 Avec qui ai-je voyagé dans le temps? Le Docteur
15%
7 Meurtrière Catherine Howard
5%
6 Quel est le nom de mon chien robot? K-9
5%
6 Qui suis-je? Sarah Jane Smith
4%
9 Lieu du crime Trahison
2%
Aucun quiz correspondant
Distribution des résultats
% des personnes avec chaque résultat
Percentile par nombre de réponses
Votre historique - résultats
Vous n’avez pas pris ce quiz